Existencia de Dios y conocimiento humano / (Record n. 12416)
[ formato base ]
| 000 -LEADER | |
|---|---|
| fixed length control field | 00841nam a2200253 i 4500 |
| 003 - CONTROL NUMBER IDENTIFIER | |
| control field | IT-RoINE |
| 005 - DATE AND TIME OF LATEST TRANSACTION | |
| control field | 20220503104502.0 |
| 008 - FIXED-LENGTH DATA ELEMENTS--GENERAL INFORMATION | |
| fixed length control field | 940715s1980 sp r 000 | spa d |
| 020 ## - INTERNATIONAL STANDARD BOOK NUMBER | |
| International Standard Book Number | 847299077x |
| 040 ## - CATALOGING SOURCE | |
| Modifying agency | UPSA |
| -- | IT-RoINE |
| Transcribing agency | esslup |
| 100 1# - MAIN ENTRY--PERSONAL NAME | |
| Personal name | Sayés, José Antonio, |
| 9 (RLIN) | 2829 |
| Dates associated with a name | 1944- |
| 245 10 - TITLE STATEMENT | |
| Title | Existencia de Dios y conocimiento humano / |
| Statement of responsibility, etc | José Antonio Sayés. |
| 260 ## - PUBLICATION, DISTRIBUTION, ETC. (IMPRINT) | |
| Place of publication, distribution, etc | Salamanca : |
| Name of publisher, distributor, etc | Universidad Pontificia, |
| Date of publication, distribution, etc | 1980. |
| 300 ## - PHYSICAL DESCRIPTION | |
| Extent | 211 p ; |
| Dimensions | 24 cm. |
| 336 ## - CONTENT TYPE | |
| Source | rdacontent |
| Content type term | text |
| 337 ## - MEDIA TYPE | |
| Source | rdamedia |
| Media type term | unmediated |
| 338 ## - CARRIER TYPE | |
| Source | rdacarrier |
| Carrier type term | volume |
| 490 1# - SERIES STATEMENT | |
| Series statement | Bibliotheca Salmanticensis. |
| -- | Estudios ; |
| Volume number/sequential designation | 35 |
| 504 ## - BIBLIOGRAPHY, ETC. NOTE | |
| Bibliography, etc | Incluye referencias bibliográficas. |
| 650 #4 - SUBJECT ADDED ENTRY--TOPICAL TERM | |
| Topical term or geographic name as entry element | Dios |
| 9 (RLIN) | 1761 |
| General subdivision | Existencia |
| 650 #0 - SUBJECT ADDED ENTRY--TOPICAL TERM | |
| Topical term or geographic name as entry element | Teología fundamental |
| 9 (RLIN) | 20480 |
| 830 #0 - SERIES ADDED ENTRY--UNIFORM TITLE | |
| 9 (RLIN) | 3087 |
| Uniform title | Bibliotheca Salmanticensis. |
| Name of part/section of a work | Estudios ; |
| Volume number/sequential designation | 35 |
| 942 ## - ADDED ENTRY ELEMENTS (KOHA) | |
| Item type | Monografías |
| Withdrawn status | Lost status | Damaged status | Not for loan | Home library | Current library | Date acquired | Total Checkouts | Full call number | Barcode | Date last seen | Price effective from | Koha item type |
|---|---|---|---|---|---|---|---|---|---|---|---|---|
| Iglesia Nacional Española en Roma | Iglesia Nacional Española en Roma | 12/07/2016 | COL.A 40.35 | 27979 | 12/07/2016 | 12/07/2016 | Monografías | |||||
| Iglesia Nacional Española en Roma | Iglesia Nacional Española en Roma | 13/02/2019 | NOVALÍN 1591 | NOV-1744 | 13/02/2019 | 13/02/2019 | Monografías |